| 000 | 01023nam a22002537a 4500 | ||
|---|---|---|---|
| 005 | 20251108174523.0 | ||
| 008 | 250721s2006 xx 000 0 ara d | ||
| 082 | 1 | 4 | _a915.65/حصا |
| 100 | 1 |
_aالحصان، عبد القادر محمود _eمؤلف |
|
| 245 | 1 | 0 | _aالقلاع و الخانات التركية العثمانية على طريق الحاج الشامية في الديار الأردنية : (دراسات و بحوث ميدانية ) آثارية و معمارية / |
| 246 | 1 | 1 | _athe early turkish castles and cervansarays in the shami hajj road in jordan |
| 264 | 1 |
_aالمفرق : _bالحصان، _c2006. |
|
| 300 | _a405 ص. | ||
| 650 | 1 | 7 | _aالآثار |
| 650 | 1 | 7 | _aالعماره الاسلاميه |
| 650 | 1 | 7 | _aالقلاع |
| 650 | 1 | 7 | _aالمواقع و المعالم التاريخيه |
| 650 | 1 | 7 | _aالنقوش |
| 650 | 1 | 7 | _aالمباني التاريخيه |
| 650 | 1 | 7 | _aالاردن |
| 650 | 1 | 7 | _aالعصر العثماني |
| 942 |
_2ddc _cBK |
||
| 999 |
_c111281 _d111281 |
||